Estudio a nivel de perfil del proyecto para mejoramiento vial de 826 m2 de adoquinado en el barrio Eddy Solórzano, Municipio de Pueblo Nuevo, Departamento

Presenta un estudio a nivel de perfil de proyecto para el mejoramiento vial de 826 m2 de adoquinado en el Barrio Eddy Solórzano, municipio de Pueblo Nuevo, departamento de Estelí.

Bibliographic Details
Main Author: Acuña Morales, Madalinn
Other Authors: Tutor: Rivera Medina, Ricardo José
Format: Tesis Section = Libro
Language:Undetermined
Spanish
Published: Managua UNI 2015
Subjects:
LEADER 01041nam a2200253Ia 4500
008 240830s9999 xx 000 0 und d
040 |a BIBLIOTECA-RUPAP T.Mon 625.85 A189 
041 |a spa 
082 |a T.Mon 625.85 A189 
100 1 |a Acuña Morales, Madalinn 
245 1 0 |a Estudio a nivel de perfil del proyecto para mejoramiento vial de 826 m2 de adoquinado en el barrio Eddy Solórzano, Municipio de Pueblo Nuevo, Departamento 
260 |a Managua  |b UNI  |c 2015 
300 |a 106 p. :il. 
500 |a Contiene: anexos. 
502 |a Tesis (Ingeniero Civil)- UNI, 2015. 
520 3 |a Presenta un estudio a nivel de perfil de proyecto para el mejoramiento vial de 826 m2 de adoquinado en el Barrio Eddy Solórzano, municipio de Pueblo Nuevo, departamento de Estelí. 
650 7 |a PAVIMENTOS-PROYECTOS 
650 7 |b PROYECTOS DE DESARROLLO-PUEBLO NUEVO-ESTELI 
650 7 |c PAVIMENTOS DE HORMIGON 
650 7 |e ESTUDIO FINANCIERO 
700 1 |a Tutor:  |b Rivera Medina, Ricardo José 
942 |c BK  |2 ddc 
991 |a TESIS 
999 |c 18272